[Event "Lublin-Lvov m 7th"]
[Site "Lublin"]
[Date "2015.06.24"]
[Round "1.5"]
[White "Savchuk, Julia"]
[Black "Topolan, Agata"]
[Result "0-1"]
[WhiteElo "1864"]
[BlackElo "1746"]
[PlyCount "136"]
[EventDate "2015.06.24"]
[EventType "team-match"]
[EventRounds "2"]
[EventCountry "POL"]
[SourceTitle "CBM 167 Extra"]
[Source "ChessBase"]
[SourceDate "2015.09.14"]
[SourceVersion "1"]
[SourceVersionDate "2015.09.14"]
[SourceQuality "1"]
[WhiteTeam "Lvov"]
[BlackTeam "Lublin"]
[WhiteTeamCountry "UKR"]
[BlackTeamCountry "POL"]

1. e4 c6 2. d4 d5 3. Nc3 dxe4 4. Nxe4 Bf5 5. Ng3 Bg6 6. h4 h6 7. Nf3 Nd7 8. Bc4 e6 9. Bf4 Qa5+ 10. c3 Qb6 11. Qe2 Ngf6 12. h5 Bh7 13. 0-0-0 Nd5 14. Bxd5 cxd5 15. Rhe1 Rc8 16. Qe3 Qa6 17. Rd2 Qxa2 18. Kd1 Qb3+ 19. Ke2 Nb6 20. Ne5 Qb5+ 21. Kf3 Nc4 22. Nxc4 Qxc4 23. Qe5 Kd7 24. Ra1 a6 25. Qe3 Be7 26. Qe2 Qc6 27. Nf1 Bg5 28. Bxg5 hxg5 29. g4 Qd6 30. Qe5 Qxe5 31. dxe5 Rc4 32. Rd4 Rxd4 33. cxd4 f5 34. Rc1 Rf8 35. gxf5 Rxf5+ 36. Kg3 Rf4 37. Rd1 Bf5 38. Ne3 Rh4 39. Nxf5 exf5 40. f3 Rxh5 41. Rc1 Rh4 42. Rd1 a5 43. b3 Rh8 44. Rc1 Rc8 45. Rh1 g6 46. Rh7+ Ke8 47. Rxb7 Rc3 48. Rb5 g4 49. Rxd5 Rxf3+ 50. Kg2 Rd3 51. Rd6 Kf7 52. Rd7+ Ke6 53. Rd6+ Ke7 54. d5 Rxb3 55. Rxg6 a4 56. Rg7+ Kf8 57. Ra7 Rb5 58. Kg3 Rxd5 59. Kf4 Rd1 60. Kxf5 g3 61. Ra8+ Ke7 62. Ra7+ Kf8 63. Ra8+ Kg7 64. Ra7+ Kh6 65. Rxa4 Rf1+ 66. Ke6 g2 67. Rg4 g1Q 68. Rxg1 Rxg1 0-1